Chile superando la crisis mejorando el empleo: políticas de mercado de trabajo 2000-2005
সংরক্ষণ করুন:
| সংস্থা লেখক: | |
|---|---|
| বিন্যাস: | গ্রন্থ |
| ভাষা: | স্প্যানিশ |
| প্রকাশিত: |
Santiago
Organización Internacional del Trabajo
2006
|
| সংস্করন: | 1a. ed |
| বিষয়গুলি: | |
| ট্যাগগুলো: |
ট্যাগ যুক্ত করুন
কোনো ট্যাগ নেই, প্রথমজন হিসাবে ট্যাগ করুন!
|
MARC
| LEADER | 00000cam a2200000 a 4500 | ||
|---|---|---|---|
| 001 | UCE6081 | ||
| 003 | CL-VaPUC | ||
| 008 | 150319e20060000cl |||||||||||||||||spa|d | ||
| 020 | |a 923183081 | ||
| 082 | 0 | 4 | |a 331.12 |b OFI |2 21 |
| 110 | 2 | |a Oficina Internacional del Trabajo |e author |9 578756 | |
| 245 | 1 | 0 | |a Chile superando la crisis mejorando el empleo: políticas de mercado de trabajo 2000-2005 |
| 250 | |a 1a. ed | ||
| 300 | |a 108 p | ||
| 942 | |c BK | ||
| 945 | |d 20150319 12:57:00 |a arojas | ||
| 260 | |a Santiago |b Organización Internacional del Trabajo |c 2006 | ||
| 650 | 7 | |a POLITICAS LABORALES |2 CL-VaPUC |9 578757 | |
| 650 | 7 | |a MERCADO DEL TRABAJO |2 CL-VaPUC |9 341787 | |
| 650 | 7 | |a ECONOMIA DEL TRABAJO |2 CL-VaPUC |9 320317 | |
| 651 | 7 | |a CHILE |2 CL-VaPUC |9 578758 | |
| 583 | |a last modification |c 20150319 12:57:00 |k Rodrigo Vera | ||
| 999 | |c 358549 |d 358547 | ||